Ενέργεια
Saved in:
| Corporate Author: | |
|---|---|
| Format: | Book |
| Language: | Greek |
| Published: |
Αθήνα :
Κέντρο Προγραμματισμού και Οικονομικών Ερευνών,
1991
|
| Series: | Εκθέσεις για το πρόγραμμα 1988-1992 ;
; 21 |
| Subjects: | |
| Tags: |
Add Tag
No Tags, Be the first to tag this record!
|
MARC
| LEADER | 00000cam a2200000 i 4500 | ||
|---|---|---|---|
| 001 | 1/104816 | ||
| 008 | 950606s1991 gre d | ||
| 035 | |l 10013410 | ||
| 040 | |a GR-MY-UA |b gre |e aacr | ||
| 041 | 0 | |a gre | |
| 082 | 0 | |a 333.7909495 | |
| 110 | 2 | |a Κέντρο Προγραμματισμού και Οικονομικών Ερευνών. | |
| 245 | 1 | 0 | |a Ενέργεια |
| 260 | |a Αθήνα : |b Κέντρο Προγραμματισμού και Οικονομικών Ερευνών, |c 1991 | ||
| 300 | |a 209 σ. | ||
| 490 | 1 | |a Εκθέσεις για το πρόγραμμα 1988-1992 |v ; 21 | |
| 650 | 0 | 0 | |a Energy policy |z Greece. |
| 650 | 0 | 0 | |a Energy |z Greece. |
| 650 | 0 | 0 | |a Energy. |
| 830 | 0 | |a Εκθέσεις για το πρόγραμμα 1988-1992 ; |v ; 21 | |
| 852 | |a INST |b LESVOS |e 19950606 |h 333.7909495 ENE |p 005100004317 |q 005100004317 |t BK |y 0 | ||
| 909 | |a Λ |b 020254 | ||